01735cam a2200397 i 450000100090000000300040000900500170001300800410003001000170007102000220008803500130011004000280012304200080015105000210015908200150018010000480019524500830024326400430032630000240036933600260039333700280041933800270044749000390047450400530051350502740056665000300084065000110087065000240088165000180090565000140092377601860093790600450112394200120116899900170118095201400119720869717OSt20260313141606.0190227s2019 ilu b 001 0 eng  a 2019009166 a9781433563287qtp a20869717 aDLCbengcDLCerdadDLC apcc00aBT775b.B37 201900a234/.32231 aBeale, G. K.q(Gregory K.),d1949-eauthor.10aRedemptive reversals and the ironic overturning of human wisdom /cG.K. Beale. 1aWheaton, Illinois :bCrossway,c[2019] a202 pages ;c21 cm. atextbtxt2rdacontent aunmediatedbn2rdamedia avolumebnc2rdacarrier0 aShort studies in biblical theology aIncludes bibliographical references and indexes.0 aGod judges people by their own sin -- People resemble the idols that they worship -- The irony of salvation -- The Christian life: power is perfected in the powerless -- Faith in unseen realities contradicts trust in superficial appearances -- The irony of eschatology. 0aRedemptionxChristianity. 0aIrony. 0aIrony in the Bible. 0aChristianity. 0aTheology.08iOnline version:aBeale, G. K. (Gregory K.), 1949- author.tRedemptive reversals and the ironic overturning of human wisdomdWheaton : Crossway, 2019z9781433563294w(DLC) 2019022067 a7bcbccorignewd1eecipf20gy-gencatlg 2lcccBK c21398d21397 00102lcc70aKABUbKABUcGENd2026-03-13eDonationi2025/3614l0oBT775 .B37 2019 C.1p39937r2026-03-13 14:17:06tC.1w2026-03-13yBK